[Event "AUTO-MASTER-619"]
[Site "http://www.queenalice.com/game.php?id=468088"]
[Date "2008.9.24"]
[Round "1"]
[White "sidbis"]
[Black "anandya"]
[Result "1-0"]
[WhiteElo "2157"]
[BlackElo "1911"]

1. d4 d5 2. c4 c6 3. Nf3 Nf6 4. Nc3 dxc4 5. a4 a6 6. Bg5 h6 7. Bh4 Nbd7 8. e4 b5
9. axb5 cxb5 10. e5 Nh7 11. Nxb5 Rb8 12. Nd6+ 1-0

[Event "AUTO-MASTER-619"]
[Site "http://www.queenalice.com/game.php?id=468089"]
[Date "2008.9.24"]
[Round "1"]
[White "anandya"]
[Black "sidbis"]
[Result "0-1"]
[WhiteElo "1887"]
[BlackElo "2189"]

1. e4 c6 2. Nc3 d5 3. exd5 cxd5 4. d4 Nc6 5. Bb5 Nf6 6. Be3 a6 7. Bxc6+ bxc6 8.
Nf3 Bg4 9. h3 Bh5 10. O-O e6 11. Qd2 Bxf3 12. gxf3 Bb4 13. a3 Ba5 14. b4 Bc7 15.
Bf4 h6 16. Bg3 Nh5 17. Ne2 O-O 18. Kh1 f5 19. Rg1 f4 20. Bh2 Qh4 21. Rg2 Qxh3
22. Rag1 Qxf3 23. Qd3 Qxd3 24. cxd3 g5 25. Rg4 Kh7 26. f3 Bd6 27. Rc1 Rfc8 28.
Rb1 a5 29. Bg1 axb4 30. axb4 Ra2 31. Rg2 Rxe2 32. Rxe2 Ng3+ 33. Kg2 Nxe2 34. Rb2
Nc1 0-1

[Event "Challenge"]
[Site "http://www.queenalice.com/game.php?id=470483"]
[Date "2008.9.30"]
[Round "-"]
[White "Alexandre_lima"]
[Black "sidbis"]
[Result "0-1"]
[WhiteElo "1118"]
[BlackElo "2092"]

1. d4 Nf6 2. Be3 d5 3. Nc3 e6 4. Qd2 Bb4 5. Bg5 h6 6. Bh4 g5 7. Bg3 Ne4 8. Qe3
c5 9. O-O-O Bxc3 10. bxc3 Qa5 11. f3 Qa3+ 12. Kb1 Nxc3+ 13. Ka1 Qxa2# 0-1

[Event "AUTO-MASTER-659"]
[Site "http://www.queenalice.com/game.php?id=491528"]
[Date "2008.11.11"]
[Round "1"]
[White "Aylton"]
[Black "sidbis"]
[Result "0-1"]
[WhiteElo "2015"]
[BlackElo "2197"]

1. d4 Nf6 2. c4 d5 3. e3 e6 4. Nf3 c5 5. Nc3 Nc6 6. a3 dxc4 7. Bxc4 cxd4 8. Nxd4
Nxd4 9. Qxd4 Qxd4 10. exd4 Be7 11. O-O O-O 12. h3 a6 13. Be3 b5 14. Be2 Bb7 15.
b4 Rfd8 16. Rfd1 Rac8 17. Nxb5 axb5 18. Bxb5 Nd5 19. Bf1 Nxe3 20. fxe3 Bg5 21.
Rd3 Be4 22. Rad1 Bxd3 23. Rxd3 Rc2 24. Rb3 Rdc8 25. a4 R8c3 26. Rxc3 Rxc3 27. a5
Bxe3+ 28. Kh1 Rc1 0-1

[Event "AUTO-MASTER-659"]
[Site "http://www.queenalice.com/game.php?id=491529"]
[Date "2008.11.11"]
[Round "1"]
[White "sidbis"]
[Black "Aylton"]
[Result "1-0"]
[WhiteElo "2212"]
[BlackElo "2015"]

1. f4 d5 2. Nf3 Nf6 3. b3 e6 4. e3 c5 5. Bb2 Nc6 6. d4 a6 7. Be2 Be7 8. Nbd2 O-O
9. Ne5 Qc7 10. Nxc6 Qxc6 11. O-O b5 12. g4 h6 13. h3 Bb7 14. Nf3 Rfc8 15. g5
hxg5 16. Ne5 Qe8 17. fxg5 Ne4 18. Nxf7 Bxg5 19. Nxg5 Nxg5 20. Bh5 g6 21. Qg4
Nxh3+ 22. Qxh3 gxh5 23. Rf6 c4 24. Qg3+ Kh7 25. Qg5 Qf8 26. Rxf8 Rxf8 27. Qe7+
Kh6 28. Qxb7 Rg8+ 29. Kh2 Raf8 30. Rg1 Rf2+ 31. Kh1 Rxg1+ 32. Kxg1 Rxc2 33. Ba3
Rxa2 34. Bf8+ Kg5 35. Qg7+ Kf5 36. Qe5+ Kg4 37. Qf4+ Kh3 38. Qf3+ 1-0

[Event "AUTO-MASTER-659"]
[Site "http://www.queenalice.com/game.php?id=491546"]
[Date "2008.11.11"]
[Round "1"]
[White "sidbis"]
[Black "BEBADO"]
[Result "1-0"]
[WhiteElo "2250"]
[BlackElo "2207"]

1. c4 Nf6 2. Nc3 e6 3. d4 Bb4 4. Qc2 O-O 5. e4 d5 6. e5 Ne4 7. a3 Bxc3+ 8. bxc3
c5 9. Bd3 cxd4 10. cxd4 Qa5+ 11. Bd2 Qxd2+ 12. Qxd2 Nxd2 13. Kxd2 dxc4 14. Bxc4
Rd8 15. Ke3 b6 16. Ne2 Bb7 17. f3 Nc6 18. Rhd1 Na5 19. Ba2 Rd7 20. Rac1 Rad8 21.
Nc3 Ba6 22. Ne4 Kf8 23. g4 Ke7 24. f4 1-0

[Event "AUTO-MASTER-659"]
[Site "http://www.queenalice.com/game.php?id=491547"]
[Date "2008.11.11"]
[Round "1"]
[White "BEBADO"]
[Black "sidbis"]
[Result "0-1"]
[WhiteElo "2215"]
[BlackElo "2226"]

1. e4 e6 2. Qe2 c5 3. g3 Nc6 4. c3 Nf6 5. Bg2 Be7 6. Nf3 d6 7. O-O O-O 8. d4 d5
9. e5 Ne4 10. Nbd2 Nxd2 11. Bxd2 c4 12. Rae1 b5 13. h4 a5 14. Bg5 b4 15. Bxe7
Qxe7 16. Nh2 Rb8 17. f4 bxc3 18. bxc3 Qa3 0-1

[Event "AUTO-MASTER-659"]
[Site "http://www.queenalice.com/game.php?id=491548"]
[Date "2008.11.11"]
[Round "1"]
[White "sidbis"]
[Black "Pato"]
[Result "1-0"]
[WhiteElo "2271"]
[BlackElo "2099"]

1. e4 Nc6 2. d4 e5 3. d5 Nce7 4. c4 Ng6 5. Be3 d6 6. Nc3 Nf6 7. f3 Be7 8. Bd3
O-O 9. Qd2 c5 10. Nge2 a6 11. Ng3 Bd7 12. Nf5 Re8 13. O-O-O b5 14. g4 bxc4 15.
Bxc4 Bb5 16. Bb3 c4 17. Bc2 Rb8 18. h4 Nd7 19. Qh2 Bf8 20. h5 Nf4 21. g5 Nc5 22.
Bxf4 exf4 23. Rdg1 Nd3+ 24. Bxd3 cxd3 25. Qxf4 Rc8 26. Rg2 Rxc3+ 27. bxc3 Qa5
28. Qd2 Rc8 29. Kb2 Bc4 30. Ka1 g6 31. hxg6 fxg6 32. Nd4 Bg7 33. Rc1 Bxa2 34.
Qxa2 Qxa2+ 35. Kxa2 Bxd4 36. Kb3 Be3 37. Rd1 d2 38. Rdxd2 Bxd2 39. Rxd2 Rb8+ 40.
Kc4 Rb1 41. Ra2 Rf1 42. Rxa6 Rxf3 43. Rxd6 Rg3 44. Rf6 Rxg5 45. d6 Rg1 46. e5
Kg7 47. d7 1-0

[Event "AUTO-MASTER-659"]
[Site "http://www.queenalice.com/game.php?id=491549"]
[Date "2008.11.11"]
[Round "1"]
[White "Pato"]
[Black "sidbis"]
[Result "0-1"]
[WhiteElo "2095"]
[BlackElo "2284"]

1. f4 d5 2. Nf3 Nf6 3. b3 e6 4. Bb2 Be7 5. e3 c5 6. Bb5+ Bd7 7. a4 a6 8. Be2 Nc6
9. O-O O-O 10. Ne5 d4 11. Bf3 Be8 12. Nxc6 Bxc6 13. Bxc6 bxc6 14. Na3 dxe3 15.
dxe3 Nd5 16. Nc4 Bf6 17. Bxf6 Qxf6 18. Qf3 Qc3 19. e4 Qd4+ 20. Kh1 Nc3 21. e5
Rad8 22. Qxc6 Ne4 23. g3 Rd5 24. Rae1 Nd2 25. Nxd2 Qxd2 26. Qxa6 Qxc2 27. Qc4
Qg6 28. a5 Rfd8 29. a6 h5 30. Qe4 Qg4 31. Qf3 Rd3 32. Qxg4 hxg4 33. a7 Rxb3 34.
Ra1 Ra8 35. Rfc1 Rb5 36. h3 gxh3 37. Kh2 Kf8 38. Kxh3 Ke7 39. Kg4 Kd7 40. Rh1
Rb7 41. Rh7 Raxa7 42. Rxa7 Rxa7 43. Rxg7 Kc6 44. f5 Kd5 45. fxe6 Kxe6 0-1

[Event "AUTO-MASTER-659"]
[Site "http://www.queenalice.com/game.php?id=591445"]
[Date "2009.5.20"]
[Round "2"]
[White "sidbis"]
[Black "gipmachado"]
[Result "1-0"]
[WhiteElo "2257"]
[BlackElo "1906"]

1. e4 e5 2. Nf3 Nc6 3. Bc4 Bc5 4. O-O Nf6 5. d4 exd4 6. e5 d5 7. exf6 dxc4 8.
fxg7 Rg8 9. Qe2+ Be6 10. Bg5 Qd7 11. Nbd2 Be7 12. Nxc4 1-0

[Event "AUTO-MASTER-659"]
[Site "http://www.queenalice.com/game.php?id=591446"]
[Date "2009.5.20"]
[Round "2"]
[White "gipmachado"]
[Black "sidbis"]
[Result "0-1"]
[WhiteElo "1906"]
[BlackElo "2255"]

1. e4 c5 2. Nf3 Nc6 3. d4 cxd4 4. Nxd4 Nf6 5. Nc3 e5 6. Ndb5 d6 7. Bg5 a6 8. Na3
b5 9. Nd5 h6 10. Bxf6 gxf6 11. c3 f5 12. Bd3 Be6 13. Nc2 Rg8 14. Qf3 f4 0-1

[Event "Challenge"]
[Site "http://www.queenalice.com/game.php?id=640377"]
[Date "2009.8.21"]
[Round "-"]
[White "m"]
[Black "sidbis"]
[Result "1-0"]
[WhiteElo "1955"]
[BlackElo "2140"]

1. d4 Nf6 2. c4 g6 3. Nf3 Bg7 4. Nc3 d5 5. e3 O-O 6. cxd5 Nxd5 7. e4 Nxc3 8.
bxc3 c5 9. Be2 Nc6 10. O-O cxd4 11. cxd4 Nxd4 12. Nxd4 Bxd4 13. Rb1 1-0

[Event "AUTO-MASTER-619"]
[Site "http://www.queenalice.com/game.php?id=656484"]
[Date "2009.9.22"]
[Round "2"]
[White "Alexandrovinsk"]
[Black "sidbis"]
[Result "1-0"]
[WhiteElo "2185"]
[BlackElo "2151"]

1. e4 c5 2. f4 e5 3. d3 d5 4. Nc3 d4 5. Nce2 Bd6 6. fxe5 Bxe5 7. Nf3 Bc7 8. g3
Bg4 9. Bg2 Nc6 10. O-O Nge7 11. Bf4 O-O 12. Qd2 Ng6 13. Bxc7 Qxc7 14. Qg5 Be6
15. Qxc5 Rac8 16. Rac1 Rfd8 17. Kh1 Qd7 18. Qh5 Bg4 19. Qg5 1-0

[Event "Desafio #01"]
[Site "http://www.queenalice.com/game.php?id=658311"]
[Date "2009.9.26"]
[Round "-"]
[White "Aylton"]
[Black "sidbis"]
[Result "1-0"]
[WhiteElo "2018"]
[BlackElo "2167"]

1. d4 Nf6 2. Nf3 d5 3. e3 c5 4. h3 Nc6 5. a3 e6 6. c4 cxd4 7. exd4 Be7 8. Nc3
Ne4 9. Be3 b6 10. Nxe4 dxe4 11. Nh2 Bb7 12. Be2 Bf6 13. Ng4 1-0

[Event "Desafio #02"]
[Site "http://www.queenalice.com/game.php?id=658312"]
[Date "2009.9.26"]
[Round "-"]
[White "sidbis"]
[Black "Aylton"]
[Result "0-1"]
[WhiteElo "2185"]
[BlackElo "1994"]

1. e4 c5 2. Nf3 Nc6 3. d4 cxd4 4. Nxd4 e5 5. Nb5 d6 6. N1c3 a6 7. Na3 b5 8. Nd5
Nge7 9. Be3 Rb8 10. Be2 f5 11. Bh5+ g6 12. Bf3 Bb7 0-1